Những sự thật khách hàng muốn mua gì

Uloženo v:
Podrobná bibliografie
Hlavní autor: Solomon, Michael R.
Médium: Kniha
Jazyk:Undetermined
Vydáno: Hà Nội Lao động - Xã Hội 251 tr.
Témata:
Tagy: Přidat tag
Žádné tagy, Buďte první, kdo otaguje tento záznam!
Thư viện lưu trữ: Trung tâm Học liệu Trường Đại học Cần Thơ
LEADER 00602nam a2200193Ia 4500
001 CTU_180897
008 210402s9999 xx 000 0 und d
020 |c 59000 
082 |a 658.8342 
082 |b S689 
100 |a Solomon, Michael R. 
245 0 |a Những sự thật khách hàng muốn mua gì 
245 0 |c Micheal R. Solomon; Cẩm Chi (dịch) 
260 |a Hà Nội 
260 |b Lao động - Xã Hội 
260 |c 251 tr. 
650 |a Consumer behavior,Hành vi tiêu dùng 
910 |a Nguyên 
980 |a Trung tâm Học liệu Trường Đại học Cần Thơ